Configurable wireless sensor nodes (Record no. 11316)
[ view plain ]
| 000 -LEADER | |
|---|---|
| fixed length control field | 00517 a2200169 4500 |
| 003 - CONTROL NUMBER IDENTIFIER | |
| control field | NUST |
| 038 ## - RECORD CONTENT LICENSOR | |
| Staff Name | ATTA |
| 082 ## - DEWEY DECIMAL CLASSIFICATION NUMBER | |
| Classification number | BEE-5 |
| 100 ## - MAIN ENTRY--PERSONAL NAME | |
| Personal name | Ahsan Rafique |
| 9 (RLIN) | 92220 |
| 245 ## - TITLE STATEMENT | |
| Title | Configurable wireless sensor nodes |
| Statement of responsibility, etc. | Ahsan Rafique |
| 260 ## - PUBLICATION, DISTRIBUTION, ETC. | |
| Place of publication, distribution, etc. | Islamabad |
| Name of publisher, distributor, etc. | NUST-SEECS |
| Date of publication, distribution, etc. | 2012 |
| 300 ## - PHYSICAL DESCRIPTION | |
| Extent | 73p. |
| Other physical details | ;ill. |
| Dimensions | ;27cm.+ |
| Accompanying material | CD ROM |
| 500 ## - GENERAL NOTE | |
| General note | Supervisors: Dr. Awais Kamboh, Dr. Hamid Mukhtar |
| 700 ## - ADDED ENTRY--PERSONAL NAME | |
| Personal name | Muhammad Asim Khan |
| 9 (RLIN) | 92221 |
| 856 ## - ELECTRONIC LOCATION AND ACCESS | |
| Uniform Resource Identifier | <a href="http://10.250.8.41:8080/xmlui/handle/123456789/5778">http://10.250.8.41:8080/xmlui/handle/123456789/5778</a> |
| 942 ## - ADDED ENTRY ELEMENTS (KOHA) | |
| Koha item type | Project Report |
| Call number prefix | BEE-5 AHS |
| Source of classification or shelving scheme | |
| Withdrawn status | Lost status | Source of classification or shelving scheme | Damaged status | Not for loan | Permanent Location | Current Location | Date acquired | Full call number | Barcode | Date last seen | Price effective from | Koha item type | Shelving location |
|---|---|---|---|---|---|---|---|---|---|---|---|---|---|
| WITHDRAWN | Central Library (CL) | Central Library (CL) | 07/02/2022 | BEE-5 AHS | SEECSP01124 | 11/14/2012 | 11/14/2012 | Project Report | |||||
| WITHDRAWN | Central Library (CL) | Central Library (CL) | 10/19/2020 | 621.3 | CL-BP-630 | 10/19/2020 | 10/19/2020 | Project Report | Thesis |
